[Event "LTU-chT"]
[Site "Lithuania"]
[Date "2017.03.19"]
[Round "7.1"]
[White "Pluta, Paulius"]
[Black "Tamosaitis, Rimas"]
[Result "0-1"]
[WhiteElo "1746"]
[BlackElo "2101"]
[PlyCount "74"]
[EventDate "2017.01.28"]
[EventType "team-swiss"]
[EventRounds "7"]
[EventCountry "LTU"]
[SourceTitle "EXT 2018"]
[Source "ChessBase"]
[SourceDate "2017.10.13"]
[SourceVersion "1"]
[SourceVersionDate "2017.10.13"]
[SourceQuality "1"]
[WhiteTeam "Kaunas Mirazas"]
[BlackTeam "Siauliai Drakonas"]
[WhiteTeamCountry "LTU"]
[BlackTeamCountry "LTU"]

1. e4 g6 2. d4 Bg7 3. Nc3 c6 4. Nge2 d5 5. f3 Na6 6. Be3 e6 7. e5 Qa5 8. Qd2 Bd7 9. f4 Ne7 10. Ng1 Nf5 11. Nf3 Nxe3 12. Qxe3 Bf8 13. Bxa6 Qxa6 14. Ne2 Rc8 15. c3 c5 16. 0-0 Bb5 17. Rfe1 b6 18. Kh1 Be7 19. Qd2 h5 20. Ng5 h4 21. Ng1 Bd3 22. N1f3 Bf5 23. Qf2 h3 24. g3 Qa4 25. Nh4 Bg4 26. Nhf3 Rh5 27. Rac1 Rc7 28. Ra1 Qc4 29. Qe3 Bd8 30. Nd2 Qb5 31. Rab1 Bf5 32. Qf3 Bxb1 33. Rxb1 cxd4 34. cxd4 Rc2 35. Nde4 dxe4 36. Nxe4 Qc6 37. Nd6+ Kf8 0-1

[Event "LTU-chT"]
[Site "Lithuania"]
[Date "2014.02.08"]
[Round "3.1"]
[White "Stalemekas, Ernestas"]
[Black "Tamosaitis, Rimas"]
[Result "1-0"]
[WhiteElo "2156"]
[BlackElo "2127"]
[PlyCount "95"]
[EventDate "2014.01.25"]
[EventType "team-swiss"]
[EventRounds "7"]
[EventCountry "LTU"]
[SourceTitle "CBM 158 Extra"]
[Source "ChessBase"]
[SourceDate "2014.02.28"]
[SourceVersion "1"]
[SourceVersionDate "2014.02.28"]
[SourceQuality "1"]
[WhiteTeam "Rokiskis"]
[BlackTeam "Siauliai Drakonas"]
[WhiteTeamCountry "LTU"]
[BlackTeamCountry "LTU"]

1. d4 Nf6 2. Nf3 d5 3. c4 e6 4. Nc3 c6 5. e3 Ne4 6. Nxe4 dxe4 7. Nd2 f5 8. a3 c5 9. dxc5 Bxc5 10. b4 Be7 11. Bb2 Bf6 12. Bxf6 Qxf6 13. Be2 Nc6 14. 0-0 0-0 15. Qc2 Bd7 16. c5 Ne5 17. Nc4 Bc6 18. Nxe5 Qxe5 19. Bc4 a6 20. Rad1 Rad8 21. a4 g5 22. Qb3 Bd5 23. b5 axb5 24. Bxd5 Rxd5 25. Qxb5 Rxc5 26. Qxb7 Rc7 27. Qb6 Ra8 28. g3 Kf7 29. Rd4 Ra5 30. Rfd1 Rd5 31. a5 Re7 32. Rxd5 exd5 33. Qh6 f4 34. Qxh7+ Ke6 35. Qg8+ Kd6 36. Qb8+ Ke6 37. Qc8+ Kf7 38. Qc6 f3 39. Qxd5+ Qxd5 40. Rxd5 Ra7 41. Rxg5 Ke6 42. h4 Rb7 43. g4 Rb1+ 44. Kh2 Rf1 45. Kg3 Rg1+ 46. Kf4 Rg2 47. Kxe4 Rxf2 48. Rf5 1-0

[Event "LTU-chT"]
[Site "Lithuania"]
[Date "2014.01.26"]
[Round "2.1"]
[White "Tamosaitis, Rimas"]
[Black "Martinkus, Rolandas"]
[Result "1/2-1/2"]
[WhiteElo "2127"]
[BlackElo "2176"]
[PlyCount "69"]
[EventDate "2014.01.25"]
[EventType "team-swiss"]
[EventRounds "7"]
[EventCountry "LTU"]
[SourceTitle "CBM 158 Extra"]
[Source "ChessBase"]
[SourceDate "2014.02.28"]
[SourceVersion "1"]
[SourceVersionDate "2014.02.28"]
[SourceQuality "1"]
[WhiteTeam "Siauliai Drakonas"]
[BlackTeam "Marijampole Mantinga"]
[WhiteTeamCountry "LTU"]
[BlackTeamCountry "LTU"]

1. d4 d6 2. Bg5 h6 3. Bh4 Nd7 4. e4 g5 5. Bg3 Bg7 6. Bc4 e6 7. c3 Nb6 8. Bb3 Nf6 9. Nd2 Bd7 10. f4 Bc6 11. Qe2 Qd7 12. e5 Nfd5 13. fxg5 dxe5 14. Bxe5 Bxe5 15. Qxe5 0-0-0 16. Ngf3 hxg5 17. Qg3 f6 18. Ne4 Kb8 19. 0-0-0 Qh7 20. Rhe1 g4 21. Nfd2 Qxh2 22. Qxh2 Rxh2 23. g3 Rdh8 24. Nf1 Rh1 25. Nc5 f5 26. Rxe6 f4 27. c4 fxg3 28. Nxg3 Nf4 29. Rf6 R1h3 30. Rxf4 Rxg3 31. d5 Bd7 32. Ne6 c6 33. Rdd4 cxd5 34. cxd5 Rh1+ 35. Bd1 1/2-1/2

[Event "LTU-chT"]
[Site "Vilnius"]
[Date "2013.03.11"]
[Round "7.2"]
[White "Kalvaitis, Sigitas"]
[Black "Tamosaitis, Rimas"]
[Result "1/2-1/2"]
[WhiteElo "2223"]
[BlackElo "2157"]
[PlyCount "97"]
[EventDate "2013.01.19"]
[EventType "team-swiss"]
[EventRounds "7"]
[EventCountry "LTU"]
[SourceTitle "EXT 2014"]
[Source "ChessBase"]
[SourceDate "2013.11.20"]
[SourceVersion "1"]
[SourceVersionDate "2013.11.20"]
[SourceQuality "1"]
[WhiteTeam "Plunge Bokstas"]
[BlackTeam "Siauliai Drakonas"]
[WhiteTeamCountry "LTU"]
[BlackTeamCountry "LTU"]

1. e4 e5 2. Nf3 Nc6 3. d4 exd4 4. Nxd4 Bc5 5. Be3 Nxd4 6. Bxd4 Bxd4 7. Qxd4 Qf6 8. e5 Qb6 9. Qxb6 axb6 10. Nc3 f6 11. exf6 Nxf6 12. 0-0-0 c6 13. Bd3 d5 14. Rhe1+ Kf7 15. a3 Re8 16. Rxe8 Kxe8 17. Re1+ Kf7 18. Kd2 Bd7 19. h3 b5 20. g4 Re8 21. Rxe8 Nxe8 22. Ke3 h5 23. Kf4 hxg4 24. hxg4 Nd6 25. f3 Kf6 26. g5+ Ke6 27. b4 Nc4 28. Bxc4 bxc4 29. Ne2 Kd6 30. Nd4 g6 31. Ke3 b5 32. f4 Bg4 33. c3 Kd7 34. Nc2 Bf5 35. Nd4 Bg4 36. Kd2 Kd6 37. Kc2 Kd7 38. Kb2 Kd6 39. Kb1 Kd7 40. Kc1 Kd6 41. Kb2 Bd7 42. Ka2 Bg4 43. a4 bxa4 44. Ka3 Bd7 45. Nf3 c5 46. bxc5+ Kxc5 47. Nd4 Kd6 48. Kb4 Be8 49. Ka3 1/2-1/2

[Event "LTU-chT"]
[Site "Vilnius"]
[Date "2013.03.10"]
[Round "6.2"]
[White "Tamosaitis, Rimas"]
[Black "Mikenas, Laimutis"]
[Result "1/2-1/2"]
[WhiteElo "2157"]
[BlackElo "1970"]
[PlyCount "93"]
[EventDate "2013.01.19"]
[EventType "team-swiss"]
[EventRounds "7"]
[EventCountry "LTU"]
[SourceTitle "EXT 2014"]
[Source "ChessBase"]
[SourceDate "2013.11.20"]
[SourceVersion "1"]
[SourceVersionDate "2013.11.20"]
[SourceQuality "1"]
[WhiteTeam "Siauliai Drakonas"]
[BlackTeam "Rokiskis"]
[WhiteTeamCountry "LTU"]
[BlackTeamCountry "LTU"]

1. d4 Nf6 2. Bg5 d5 3. Nd2 c6 4. Ngf3 Bf5 5. e3 Nbd7 6. c4 e6 7. Nh4 Bg6 8. Nxg6 hxg6 9. c5 Qc7 10. f4 Nh7 11. Bh4 Nhf6 12. Bg3 Nh5 13. Bf2 f5 14. b4 Be7 15. Be2 Nhf6 16. a4 Kf7 17. Bf3 b6 18. 0-0 bxc5 19. bxc5 g5 20. Bg3 g4 21. Be2 Rab8 22. Qc2 Rb4 23. Rfb1 Rhb8 24. Rxb4 Rxb4 25. Rb1 Rxb1+ 26. Qxb1 Qb8 27. Qxb8 Nxb8 28. Be1 Bd8 29. Nb3 Ne4 30. Nc1 Nf6 31. Nd3 Nfd7 32. h3 gxh3 33. gxh3 Kg6 34. Kg2 Kh6 35. Bc3 Kg6 36. Nb4 Bf6 37. Na6 Nxa6 38. Bxa6 Nxc5 39. dxc5 Bxc3 40. Bb7 Bb4 41. Bxc6 Kf6 42. h4 Bxc5 43. Kf3 d4 44. exd4 Bxd4 45. h5 e5 46. fxe5+ Bxe5 47. Be8 1/2-1/2

[Event "LTU-chT"]
[Site "Vilnius"]
[Date "2013.02.09"]
[Round "4.2"]
[White "Tamosaitis, Rimas"]
[Black "Svitojus, Zygimantas"]
[Result "0-1"]
[WhiteElo "2157"]
[BlackElo "2031"]
[PlyCount "110"]
[EventDate "2013.01.19"]
[EventType "team-swiss"]
[EventRounds "7"]
[EventCountry "LTU"]
[SourceTitle "CBM 152 Extra"]
[Source "ChessBase"]
[SourceDate "2013.02.25"]
[SourceVersion "1"]
[SourceVersionDate "2013.02.25"]
[SourceQuality "1"]
[WhiteTeam "Siauliai Drakonas"]
[BlackTeam "Marijampole Suduva"]
[WhiteTeamCountry "LTU"]
[BlackTeamCountry "LTU"]

1. d4 f5 2. Bg5 d6 3. e3 g6 4. c4 Bg7 5. Nc3 Nf6 6. Nh3 0-0 7. Nf4 c6 8. d5 Qe8 9. h4 h6 10. Bxf6 Rxf6 11. Be2 Na6 12. Qd2 Nc7 13. Bf3 c5 14. Rg1 b5 15. g4 b4 16. Nce2 fxg4 17. Bxg4 Bxg4 18. Rxg4 e5 19. dxe6 Nxe6 20. Qd5 Rd8 21. 0-0-0 Kh7 22. Nxe6 Qxe6 23. Qxe6 Rxe6 24. Nf4 Re4 25. b3 Be5 26. f3 Rxe3 27. Nxg6 Bc3 28. h5 Rxf3 29. Re4 Rf7 30. Rd5 a5 31. Re6 Kg7 32. Nh4 Rdf8 33. Rdxd6 Rf1+ 34. Rd1 Rxd1+ 35. Kxd1 Rf2 36. Rc6 Bd4 37. Ra6 Rf4 38. Ng2 Rf1+ 39. Ne1 Bc3 40. Re6 Kf7 41. Re3 Rxe1+ 42. Rxe1 Bxe1 43. Kxe1 Kf6 44. Ke2 Kg5 45. Ke3 Kxh5 46. Ke4 Kg5 47. Kd5 h5 48. Kxc5 h4 49. Kb6 h3 50. Kxa5 h2 51. Kxb4 h1Q 52. a4 Kf6 53. Kc5 Qd1 54. a5 Qxb3 55. a6 Qb8 0-1

[Event "LTU-chT"]
[Site "Lithuania"]
[Date "2012.03.04"]
[Round "7"]
[White "Arulis, Algimantas I"]
[Black "Tamosaitis, Rimas"]
[Result "0-1"]
[WhiteElo "2137"]
[BlackElo "2146"]
[PlyCount "64"]
[EventDate "2012.01.21"]
[EventType "team-swiss"]
[EventRounds "7"]
[EventCountry "LTU"]
[SourceTitle "EXT 2013"]
[Source "ChessBase"]
[SourceDate "2012.11.22"]
[SourceVersion "1"]
[SourceVersionDate "2012.11.22"]
[SourceQuality "1"]
[WhiteTeam "Marijampole Suduva"]
[BlackTeam "Siauliai Drakonas"]
[WhiteTeamCountry "LTU"]
[BlackTeamCountry "LTU"]

1. d4 d5 2. Nf3 Bf5 3. Bf4 c6 4. e3 Qb6 5. Qc1 Nd7 6. Nbd2 c5 7. c3 Rc8 8. Be2 h6 9. 0-0 Ngf6 10. Ne5 e6 11. Nxd7 Nxd7 12. Nf3 Bd6 13. Bxd6 Qxd6 14. Qd2 c4 15. Nh4 Nf6 16. f4 Ne4 17. Qe1 Qe7 18. Nf3 g5 19. Ne5 h5 20. Qd1 g4 21. Qa4+ Kf8 22. Rad1 Rc7 23. Qxa7 f6 24. Nxc4 dxc4 25. Qa4 Nd6 26. Rc1 Kg7 27. a3 b5 28. Qd1 Be4 29. g3 f5 30. h4 gxh3 31. Bxh5 h2+ 32. Kxh2 Kf8 0-1

[Event "LTU-chT"]
[Site "Lithuania"]
[Date "2012.02.12"]
[Round "5"]
[White "Tamosaitis, Rimas"]
[Black "Germanavicius, Sarunas"]
[Result "1/2-1/2"]
[WhiteElo "2146"]
[BlackElo "2375"]
[PlyCount "130"]
[EventDate "2012.01.21"]
[EventType "team-swiss"]
[EventRounds "7"]
[EventCountry "LTU"]
[SourceTitle "CBM 146 Extra"]
[Source "ChessBase"]
[SourceDate "2012.02.29"]
[SourceVersion "1"]
[SourceVersionDate "2012.02.29"]
[SourceQuality "1"]
[WhiteTeam "Siauliai Drakonas"]
[BlackTeam "Kaunas AG"]
[WhiteTeamCountry "LTU"]
[BlackTeamCountry "LTU"]

1. d4 g6 2. e4 Bg7 3. h4 h5 4. Nf3 c6 5. Bd3 d5 6. exd5 cxd5 7. Ne5 Nc6 8. Nxc6 bxc6 9. c3 Nh6 10. Bf4 Bg4 11. Qa4 Bd7 12. Qb3 0-0 13. Nd2 Bg4 14. f3 Bc8 15. Qc2 c5 16. dxc5 e5 17. Bg5 Qc7 18. 0-0-0 Qxc5 19. Nb3 Qb6 20. Qd2 Nf5 21. g4 hxg4 22. fxg4 Ng3 23. Rhg1 Ne4 24. Bxe4 dxe4 25. h5 Ba6 26. Rh1 Bc4 27. Kb1 gxh5 28. Rxh5 Qg6 29. Be3 f6 30. Rh4 Bd3+ 31. Kc1 Kf7 32. Nc5 Rad8 33. Qf2 Rh8 34. Rdh1 Rxh4 35. Rxh4 Bf8 36. b4 a5 37. a3 Bc4 38. Qh2 Bxc5 39. bxc5 a4 40. Qh3 Rg8 41. g5 Be6 42. Qf1 Qf5 43. Qa6 Rd8 44. Rh6 fxg5 45. Rh2 Qg4 46. Qb7+ Rd7 47. Rh7+ Kg6 48. Rxd7 Bxd7 49. c6 Be6 50. Qe7 Qf5 51. Kb2 g4 52. c7 g3 53. c4 Kh5 54. Qg7 Kh4 55. Kc3 Kh3 56. Kb4 Kg2 57. Kxa4 Kf3 58. Qh6 Bd7+ 59. Kb4 Qe6 60. Qg5 Qd6+ 61. Bc5 Qd3 62. Qf6+ Ke2 63. Qxe5 Qd2+ 64. Kb3 Qd3+ 65. Kb4 Qd2+ 1/2-1/2

[Event "LTU-chT"]
[Site "Lithuania"]
[Date "2012.02.11"]
[Round "4"]
[White "Kuvsinov, Anatolij"]
[Black "Tamosaitis, Rimas"]
[Result "0-1"]
[WhiteElo "1969"]
[BlackElo "2146"]
[PlyCount "70"]
[EventDate "2012.01.21"]
[EventType "team-swiss"]
[EventRounds "7"]
[EventCountry "LTU"]
[SourceTitle "CBM 146 Extra"]
[Source "ChessBase"]
[SourceDate "2012.02.29"]
[SourceVersion "1"]
[SourceVersionDate "2012.02.29"]
[SourceQuality "1"]
[WhiteTeam "LASF"]
[BlackTeam "Siauliai Drakonas"]
[WhiteTeamCountry "LTU"]
[BlackTeamCountry "LTU"]

1. e4 c6 2. d4 g6 3. Nf3 Bg7 4. Bd3 d5 5. e5 h5 6. Nc3 Nh6 7. Ne2 Bg4 8. Ng3 e6 9. h3 Bxf3 10. Qxf3 h4 11. Nf1 c5 12. Bb5+ Nc6 13. Bxc6+ bxc6 14. Qc3 cxd4 15. Qxc6+ Kf8 16. Qc5+ Kg8 17. Qxd4 Nf5 18. Qd3 Bxe5 19. Ne3 Nxe3 20. Qxe3 Qf6 21. Rb1 Rh5 22. 0-0 Rc8 23. Qd3 Rf5 24. c3 Rc4 25. Be3 a5 26. Rbd1 a4 27. a3 Bc7 28. Bd4 e5 29. Ba7 e4 30. Qe3 Qd6 31. f4 exf3 32. Rxf3 Qh2+ 33. Kf1 Re4 34. Qf2 Bg3 35. Rxf5 Bxf2 0-1

[Event "Plunge op 31st"]
[Site "Plunge"]
[Date "2011.07.20"]
[Round "3"]
[White "Tamosaitis, Rimas"]
[Black "Slusnys, Evaldas"]
[Result "1-0"]
[WhiteElo "2178"]
[BlackElo "1895"]
[PlyCount "35"]
[EventDate "2011.07.19"]
[EventType "swiss"]
[EventRounds "9"]
[EventCountry "LTU"]
[SourceTitle "EXT 2012"]
[Source "ChessBase"]
[SourceDate "2011.11.24"]
[SourceVersion "1"]
[SourceVersionDate "2011.11.24"]
[SourceQuality "1"]

1. d4 d5 2. Bg5 h6 3. Bh4 g5 4. Bg3 Bg7 5. e3 c5 6. c3 Qb6 7. Qb3 Nf6 8. Qxb6 axb6 9. Bc7 Nfd7 10. Bb5 Nc6 11. Nf3 0-0 12. 0-0 f6 13. Rd1 e6 14. c4 g4 15. cxd5 exd5 16. Ne1 c4 17. Nc3 Ne7 18. Bd6 1-0

[Event "LTU-chT 1011"]
[Site "Lithuania"]
[Date "2011.02.26"]
[Round "8"]
[White "Tamosaitis, Rimas"]
[Black "Kaunas, Kestutis"]
[Result "0-1"]
[WhiteElo "2177"]
[BlackElo "2254"]
[PlyCount "114"]
[EventDate "2010.11.06"]
[EventType "team-tourn"]
[EventRounds "9"]
[EventCountry "LTU"]
[SourceTitle "EXT 2012"]
[Source "ChessBase"]
[SourceDate "2011.11.24"]
[SourceVersion "1"]
[SourceVersionDate "2011.11.24"]
[SourceQuality "1"]

1. d4 Nf6 2. Bg5 Ne4 3. Bh4 c6 4. f3 Qa5+ 5. Nd2 Qh5 6. Nxe4 Qxh4+ 7. g3 Qh6 8. f4 d5 9. Nf2 g5 10. e3 gxf4 11. exf4 Bf5 12. Bd3 Qe6+ 13. Qe2 Bg7 14. Qxe6 Bxe6 15. c3 c5 16. Nf3 cxd4 17. Nxd4 Bd7 18. Nf5 Bxf5 19. Bxf5 Nc6 20. Nd3 e6 21. Bg4 0-0-0 22. Bh5 Rhf8 23. 0-0 Kc7 24. Rae1 Kd6 25. Kg2 f6 26. Rd1 e5 27. b4 b6 28. b5 Ne7 29. fxe5+ fxe5 30. Bf7 Rc8 31. Nb4 Rxc3 32. Nxd5 Rc2+ 33. Kg1 Nxd5 34. Bxd5 Rxf1+ 35. Kxf1 Rxh2 36. Bc6+ Kc5 37. Rd5+ Kc4 38. Rd7 Bf8 39. Rxa7 Bc5 40. a4 Kd3 41. Bg2 Rh6 42. Rd7+ Ke3 43. Rf7 e4 44. Rf4 Re6 45. Bh3 Re7 46. Bf5 Bd6 47. Rh4 Bxg3 48. Rxh7 Re5 49. Rf7 Rc5 50. Kg2 Bf4 51. Kh3 Rc4 52. Rf6 Be5 53. Rxb6 Kf4 54. Bxe4 Rxe4 55. a5 Kf3 56. a6 Re1 57. Kh4 Bf4 0-1

[Event "LTU-chT 1011"]
[Site "Lithuania"]
[Date "2011.01.30"]
[Round "6"]
[White "Tamosaitis, Rimas"]
[Black "Butnorius, Algimantas"]
[Result "0-1"]
[WhiteElo "2177"]
[BlackElo "2388"]
[PlyCount "98"]
[EventDate "2010.11.06"]
[EventType "team-tourn"]
[EventRounds "9"]
[EventCountry "LTU"]
[SourceTitle "EXT 2012"]
[Source "ChessBase"]
[SourceDate "2011.11.24"]
[SourceVersion "1"]
[SourceVersionDate "2011.11.24"]
[SourceQuality "1"]

1. d4 Nf6 2. Bg5 d5 3. Bxf6 exf6 4. e3 c6 5. c4 dxc4 6. Bxc4 Bd6 7. Nc3 0-0 8. Nge2 f5 9. g3 Nd7 10. Nf4 Nf6 11. Qf3 Qe7 12. 0-0 Bd7 13. a3 Kh8 14. h4 Ne4 15. Nxe4 fxe4 16. Qh5 Bxf4 17. exf4 Be6 18. Qe5 Rfe8 19. Bxe6 Qxe6 20. Qxe6 Rxe6 21. Rfe1 Rd8 22. f5 Ree8 23. Rad1 h5 24. f3 exf3 25. Kf2 Rxe1 26. Rxe1 Rxd4 27. Re8+ Kh7 28. Re7 Rd2+ 29. Kxf3 Rxb2 30. Rxf7 a5 31. Rc7 Kg8 32. Kf4 Rb3 33. g4 hxg4 34. Kxg4 a4 35. f6 gxf6 36. Kf5 b5 37. Rxc6 Rxa3 38. Rb6 Rb3 39. Kg6 Kf8 40. Rxf6+ Ke7 41. Ra6 Rg3+ 42. Kf5 Rh3 43. Kg4 Rh1 44. h5 Kd7 45. Rb6 a3 46. Ra6 b4 47. Kg5 Rh2 48. h6 a2 49. h7 b3 0-1

[Event "LTU-chT 1011"]
[Site "Lithuania"]
[Date "2010.12.05"]
[Round "3"]
[White "Tamosaitis, Rimas"]
[Black "Drozdov, Sergej"]
[Result "1/2-1/2"]
[WhiteElo "2177"]
[BlackElo "2242"]
[PlyCount "64"]
[EventDate "2010.11.06"]
[EventType "team-tourn"]
[EventRounds "9"]
[EventCountry "LTU"]
[SourceTitle "EXT 2012"]
[Source "ChessBase"]
[SourceDate "2011.11.24"]
[SourceVersion "1"]
[SourceVersionDate "2011.11.24"]
[SourceQuality "1"]

1. d4 d5 2. Bg5 Bf5 3. c4 Bxb1 4. Rxb1 e6 5. Bxd8 Bb4+ 6. Qd2 Bxd2+ 7. Kxd2 Kxd8 8. cxd5 exd5 9. e3 Nf6 10. Bd3 Nbd7 11. f3 c5 12. dxc5 Nxc5 13. Bf5 Ne6 14. Ne2 Ke7 15. Rhc1 Rhc8 16. Nd4 Rxc1 17. Rxc1 Nxd4 18. exd4 Kd6 19. Bc8 Rb8 20. Bf5 h6 21. Rc8 Rxc8 22. Bxc8 Kc7 23. Bf5 Ng8 24. Kc3 Ne7 25. Bd3 Kd6 26. b4 Nc6 27. a3 Ne7 28. Kd2 Nc6 29. Ke3 Ne7 30. Bc2 Ke6 31. Bd3 Kd6 32. g3 Ke6 1/2-1/2

[Event "Warsaw AIG Life rapid 9th"]
[Site "Warsaw"]
[Date "2009.12.19"]
[Round "8"]
[White "Pitl, Gregory"]
[Black "Tamosaitis, Rimas"]
[Result "1-0"]
[WhiteElo "2420"]
[BlackElo "2214"]
[PlyCount "81"]
[EventDate "2009.12.19"]
[EventType "swiss (rapid)"]
[EventRounds "13"]
[EventCountry "POL"]
[SourceTitle "CBM 133 Extra"]
[Source "ChessBase"]
[SourceDate "2010.01.05"]
[SourceVersion "1"]
[SourceVersionDate "2010.01.05"]
[SourceQuality "1"]

1. d4 Nf6 2. c4 e5 3. dxe5 Ng4 4. Bf4 Nc6 5. Nf3 Bb4+ 6. Nbd2 Qe7 7. e3 Ngxe5 8. Nxe5 Nxe5 9. Be2 0-0 10. 0-0 Bxd2 11. Qxd2 d6 12. Rac1 b6 13. b4 Bb7 14. c5 dxc5 15. bxc5 Rad8 16. Qc3 Ng6 17. Bg3 Nh4 18. c6 Bc8 19. Qe5 Ng6 20. Qxc7 Qa3 21. Bc4 Ba6 22. Qxa7 Ra8 23. Qxb6 Bxc4 24. Rxc4 Qxa2 25. Rcc1 h6 26. Rfd1 Qe6 27. Qc5 Rac8 28. c7 Rfe8 29. Rb1 Kh7 30. Rb8 Qg4 31. f3 Qa4 32. Qd4 Qa3 33. h3 f6 34. Qd3 Qc5 35. Qd4 Qg5 36. Kh2 Ne5 37. Rxc8 Rxc8 38. f4 Qh5 39. fxe5 Rxc7 40. exf6 Rc2 41. Qd3+ 1-0

[Event "Warsaw AIG Life rapid 9th"]
[Site "Warsaw"]
[Date "2009.12.19"]
[Round "3"]
[White "Tamosaitis, Rimas"]
[Black "Akesson, Ralf"]
[Result "1-0"]
[WhiteElo "2214"]
[BlackElo "2454"]
[PlyCount "63"]
[EventDate "2009.12.19"]
[EventType "swiss (rapid)"]
[EventRounds "13"]
[EventCountry "POL"]
[SourceTitle "CBM 133 Extra"]
[Source "ChessBase"]
[SourceDate "2010.01.05"]
[SourceVersion "1"]
[SourceVersionDate "2010.01.05"]
[SourceQuality "1"]

1. d4 Nf6 2. Bg5 e6 3. e3 h6 4. Bh4 b6 5. Nf3 Bb7 6. Nbd2 d6 7. Bd3 g5 8. Bg3 h5 9. Nxg5 h4 10. Bf4 h3 11. e4 hxg2 12. Rg1 Nc6 13. Qf3 Nxd4 14. Qxg2 Qe7 15. c3 Nc6 16. 0-0-0 0-0-0 17. Ngf3 Ne5 18. Bxe5 dxe5 19. Bc2 Bh6 20. Nxe5 Rxd2 21. Rxd2 Rd8 22. Nc4 Bxd2+ 23. Nxd2 Qd6 24. f3 Qf4 25. Rd1 Rg8 26. Qf2 Nd7 27. Kb1 Ne5 28. Rh1 Rd8 29. Rd1 Ba6 30. Nb3 Nxf3 31. Nd4 e5 32. Qxf3 1-0

[Event "LTU-chT 0910"]
[Site "Lithuania"]
[Date "2009.11.09"]
[Round "1.12"]
[White "Tamosaitis, Rimas"]
[Black "Jurevicius, Tomas"]
[Result "1-0"]
[WhiteElo "2214"]
[BlackElo "1853"]
[PlyCount "119"]
[EventDate "2009.11.07"]
[EventType "team-tourn"]
[EventRounds "9"]
[EventCountry "LTU"]
[SourceTitle "EXT 2022"]
[Source "ChessBase"]
[SourceDate "2021.10.06"]
[SourceVersion "1"]
[SourceVersionDate "2021.10.06"]
[SourceQuality "1"]
[WhiteTeam "Siauliai Drakonas"]
[BlackTeam "Siuliai Dubysa"]
[WhiteTeamCountry "LTU"]
[BlackTeamCountry "LTU"]

1. d4 d5 2. Bg5 h6 3. Bh4 Bf5 4. c4 c6 5. Nc3 g5 6. Bg3 e6 7. e3 Nd7 8. cxd5 exd5 9. Bd3 Ne7 10. h4 Bxd3 11. Qxd3 Ng6 12. hxg5 Qxg5 13. 0-0-0 h5 14. Nf3 Qf6 15. Nh4 Nxh4 16. Bxh4 Qg6 17. e4 Bh6+ 18. Kb1 dxe4 19. Nxe4 0-0 20. Rh3 Kh8 21. Rdh1 f5 22. Nc3 Kh7 23. Be7 f4 24. Qxg6+ Kxg6 25. Bxf8 Rxf8 26. Rxh5 Bg7 27. Ne4 Bxd4 28. Rg5+ Kf7 29. Rd1 c5 30. Nxc5 Bxc5 31. Rxd7+ Ke6 32. Rd2 b6 33. a3 a5 34. Re2+ Kf6 35. Rg4 Kf5 36. f3 Rh8 37. Re1 Bf2 38. Rd1 Rc8 39. Rd5+ Ke6 40. Rh5 Be3 41. g3 Rc1+ 42. Ka2 Rf1 43. gxf4 Rxf3 44. f5+ Ke5 45. Rg2 Rxf5 46. Rxf5+ Kxf5 47. Kb3 Ke4 48. Kc4 Bc1 49. Re2+ Kf3 50. Rc2 Bg5 51. Kb5 Bd8 52. a4 Ke3 53. b3 Kd3 54. Rc8 Bh4 55. Kxb6 Be1 56. Kb5 Bb4 57. Rc4 Be1 58. b4 axb4 59. Rxb4 Kc3 60. Rb1 1-0

[Event "LTU-chT 0910"]
[Site "Lithuania"]
[Date "2009.11.09"]
[Round "2.52"]
[White "Tamosaitis, Rimas"]
[Black "Labuckas, Aidas"]
[Result "0-1"]
[WhiteElo "2214"]
[BlackElo "2333"]
[PlyCount "38"]
[EventDate "2009.11.07"]
[EventType "team-tourn"]
[EventRounds "9"]
[EventCountry "LTU"]
[SourceTitle "EXT 2022"]
[Source "ChessBase"]
[SourceDate "2021.10.06"]
[SourceVersion "1"]
[SourceVersionDate "2021.10.06"]
[SourceQuality "1"]
[WhiteTeam "Siauliai Drakonas"]
[BlackTeam "Kaunas Margiris"]
[WhiteTeamCountry "LTU"]
[BlackTeamCountry "LTU"]

1. d4 d5 2. Bg5 Nf6 3. Bxf6 exf6 4. e3 Bd6 5. c4 dxc4 6. Bxc4 0-0 7. Nc3 f5 8. Qf3 Nd7 9. Nge2 Nf6 10. Ng3 g6 11. Nge2 Rb8 12. 0-0 a6 13. a4 Bd7 14. Rfd1 Bc6 15. d5 Bd7 16. h3 Re8 17. Ng3 Qe7 18. Nce2 Ne4 19. Nf1 Ng5 0-1

[Event "LTU-chT 4th 0809"]
[Site "Lithuania"]
[Date "2009.03.14"]
[Round "8.12"]
[White "Bandza, Algirdas S"]
[Black "Tamosaitis, Rimas"]
[Result "1/2-1/2"]
[WhiteElo "2378"]
[BlackElo "2196"]
[PlyCount "116"]
[EventDate "2008.11.08"]
[EventType "team"]
[EventRounds "9"]
[EventCountry "LTU"]
[SourceTitle "EXT 2024"]
[Source "ChessBase"]
[SourceDate "2023.10.10"]
[SourceVersion "1"]
[SourceVersionDate "2023.10.10"]
[SourceQuality "1"]

1. Nf3 d5 2. d4 Bf5 3. c4 e6 4. Nc3 c6 5. Qb3 Qb6 6. c5 Qxb3 7. axb3 Na6 8. Bf4 f6 9. e3 Nb4 10. Kd2 e5 11. Bg3 g6 12. Na4 Nc2 13. Nb6 Nxa1 14. Nxa8 Nxb3+ 15. Kc3 Nxc5 16. dxc5 Bxc5 17. Nxe5 Nh6 18. Nc7+ Ke7 19. Nf3 Rc8 20. Na6 bxa6 21. Bxa6 Re8 22. Nd4 Bd7 23. b4 Bd6 24. Bb7 c5 25. bxc5 Bxc5 26. Bxd5 Rc8 27. Rb1 Bb6+ 28. Kd3 Nf5 29. Nxf5+ Bxf5+ 30. e4 Rd8 31. Ke2 Be6 32. Bxe6 Kxe6 33. Rc1 Rd4 34. f3 Rb4 35. Rc2 a5 36. Bc7 Bxc7 37. Rxc7 Rb2+ 38. Ke3 h5 39. Rc6+ Kf7 40. Rc7+ Kg8 41. Rc8+ Kg7 42. Rc7+ Kh6 43. Rf7 Rxg2 44. h4 a4 45. Rxf6 a3 46. Ra6 a2 47. f4 Kg7 48. Kd4 Rg4 49. Ke5 Rxh4 50. Rxa2 Rg4 51. f5 gxf5 52. Kxf5 Rg1 53. Rh2 Kf7 54. Rxh5 Rg7 55. Rh8 Ke7 56. Ra8 Rg1 57. Ra7+ Ke8 58. e5 Rh1 1/2-1/2

[Event "LTU-chT 4th 0809"]
[Site "Lithuania"]
[Date "2009.02.08"]
[Round "6.22"]
[White "Tamosaitis, Rimas"]
[Black "Savickas, Airidas"]
[Result "0-1"]
[WhiteElo "2196"]
[BlackElo "2352"]
[PlyCount "120"]
[EventDate "2008.11.08"]
[EventType "team"]
[EventRounds "9"]
[EventCountry "LTU"]
[SourceTitle "EXT 2024"]
[Source "ChessBase"]
[SourceDate "2023.10.10"]
[SourceVersion "1"]
[SourceVersionDate "2023.10.10"]
[SourceQuality "1"]

1. d4 d6 2. e4 Nf6 3. Nc3 c6 4. Bg5 Nbd7 5. Bc4 b5 6. Bd3 e5 7. d5 Bb7 8. dxc6 Bxc6 9. Nd5 Bxd5 10. exd5 Qb6 11. Bf5 g6 12. Bxd7+ Nxd7 13. Qd2 Bg7 14. Be3 Qb7 15. c3 Nb6 16. Bxb6 Qxb6 17. Ne2 0-0 18. 0-0 Rab8 19. Rac1 Rfc8 20. Rfd1 Rc4 21. Qd3 Rbc8 22. Qe3 Qb7 23. g3 f5 24. f4 Bh6 25. Rd3 Re4 26. Qf2 Re8 27. Kf1 Qa6 28. a3 b4 29. c4 Rxc4 30. Rcd1 exf4 31. Nxf4 Bxf4 32. gxf4 Ree4 33. Kg1 Rxf4 34. Rf3 Rxf3 35. Qxf3 bxa3 36. bxa3 Qb5 37. Re1 Rg4+ 38. Kh1 Rd4 39. Rd1 Re4 40. Qc3 Re5 41. Qc8+ Re8 42. Qc2 Qe2 43. Qxe2 Rxe2 44. Rb1 Ra2 45. Rb8+ Kf7 46. Rb7+ Kf6 47. Rxa7 h6 48. h4 g5 49. Rh7 g4 50. Rxh6+ Ke5 51. h5 Rxa3 52. Kg2 Kxd5 53. Rg6 Ke5 54. h6 Rh3 55. Kf2 d5 56. Ke2 Kf4 57. Rd6 Rh2+ 58. Kf1 Kg3 59. Rxd5 f4 60. h7 f3 0-1